|
|
|
|
| LEADER |
01354nam a22003257a 4500 |
| 001 |
38950 |
| 003 |
BD-DhAAL |
| 005 |
20220620121812.0 |
| 008 |
220620t2014 enk||||| b||| 00| 0 eng d |
| 999 |
|
|
|c 43990
|d 43990
|
| 020 |
|
|
|a 9781783509355
|
| 020 |
|
|
|a 9781783509362 (ebook)
|
| 040 |
|
|
|a BD-DhAAL
|c BD-DhAAL
|
| 082 |
|
|
|a 363.7
|2 23
|
| 100 |
|
|
|a Hori, Tsuneki,
|e author.
|9 43857
|
| 245 |
|
|
|a Local disaster risk management in a changing climate :
|b perspective from Central America /
|c Tsuneki Hori and Rajib Shaw.
|
| 260 |
|
|
|a Bingley, England :
|b Emerald,
|c c2014.
|
| 300 |
|
|
|a xxiv, 192 pages :
|b illustrations, tables ;
|c 22 cm.
|
| 490 |
|
|
|a Community, Environment and Disaster Risk Management,
|x 2040-7262 ;
|v Volume 17
|
| 504 |
|
|
|a Includes bibliographical references.
|
| 526 |
|
|
|a PPDM, ARC
|
| 541 |
|
|
|a Karim International
|h 38950
|
| 650 |
|
|
|a Environmental degradation.
|9 43858
|
| 650 |
|
|
|a Environmental protection.
|9 43859
|
| 650 |
|
|
|a Global warming.
|9 43860
|
| 700 |
|
|
|a Shaw, Rajib,
|4 author.
|9 43862
|
| 830 |
|
|
|a Community, Environment and Disaster Risk Management
|9 49479
|
| 852 |
|
|
|a Ayesha Abed Library
|c General Stacks
|
| 942 |
|
|
|2 ddc
|c BK
|
| 952 |
|
|
|0 0
|1 0
|2 ddc
|4 0
|6 363_700000000000000_HOR
|7 0
|9 70916
|a BRACUL
|b BRACUL
|c GEN
|d 2022-06-15
|e Karim International
|g 10480.00
|l 0
|o 363.7 HOR
|p 3010038950
|r 2022-06-15
|t 1
|v 10480.00
|w 2022-06-15
|y BK
|